000 00392nam a2200169Ia 4500
001 8814
003 IN-NITTTR
005 20251114233041.0
008 251113s9999||||xx |||||||||||||| ||eng||
040 _beng
040 _cIN-NITTTR
041 _aeng
082 _a658.3 L991M
100 _aLynch, James J.
245 2 _aA manpower development system /
_cLynch, James J.
942 _2ddc
_cBK
999 _c11451
_d11451